| 000 | 00708nam a22002177a 4500 | ||
|---|---|---|---|
| 005 | 20251108173000.0 | ||
| 008 | 250721s9999 xx 000 0 ara d | ||
| 082 | 1 | 4 | _a210.42590/نوف |
| 100 | 1 | _aنوفل، يوسف يونس | |
| 245 | 1 | 0 | _aالبيئة الحيوانية: ثروة غذائية ..مملكة ربانية / |
| 264 | 1 |
_aالمنصورة : _bمكتبة جزيرة الورد، |
|
| 300 | _a80ص | ||
| 490 | 0 |
_aدائرة معارف بيئتنا الحضارية _v5 |
|
| 650 | 1 | 7 | _aالإسلام |
| 650 | 1 | 7 | _aالحيوانات |
| 650 | 1 | 7 | _aالأمراض |
| 650 | 1 | 7 | _aالبيئة البحرية |
| 650 | 1 | 7 | _aالقرآن الكريم |
| 942 |
_2ddc _cBK |
||
| 999 |
_c93308 _d93308 |
||